[Event "IRI-ch U14"]
[Site "Chess.com INT"]
[Date "2021.01.16"]
[Round "7"]
[White "Jafarpour, Mobin"]
[Black "Khodadad Pour, Abolfazl"]
[Result "0-1"]
[WhiteElo "1126"]
[BlackElo "1364"]
[PlyCount "96"]
[EventDate "2021.01.16"]
[EventType "swiss"]
[EventRounds "11"]
[EventCountry "IRI"]
[SourceTitle "EXT 2022"]
[Source "ChessBase"]
[SourceDate "2021.10.06"]
[SourceVersion "1"]
[SourceVersionDate "2021.10.06"]
[SourceQuality "1"]

1. d4 d5 2. Bf4 Nf6 3. Nf3 c5 4. c3 Nc6 5. e3 Qb6 6. b3 Bf5 7. Bd3 Bxd3 8. Qxd3 e6 9. 0-0 Be7 10. Ne5 0-0 11. Nd2 Rac8 12. Nxc6 Qxc6 13. Rac1 Qb6 14. Rc2 cxd4 15. cxd4 Bd6 16. Bxd6 Qxd6 17. Rfc1 Qd7 18. a3 h6 19. b4 a6 20. f3 Rfd8 21. Nb3 Ne8 22. Nc5 Qe7 23. Na4 Nd6 24. Nb6 Rxc2 25. Qxc2 Qg5 26. Kf2 Qh4+ 27. Kg1 Qg5 28. Qd3 Nf5 29. f4 Qe7 30. g4 Nd6 31. h3 Ne4 32. Rc2 Qh4 33. Qf1 Qg3+ 34. Kh1 Qxe3 35. Qg2 Qxd4 36. Nc8 Nf2+ 37. Kg1 Nxg4+ 38. Kh1 Qd1+ 39. Qg1 Qxc2 40. Ne7+ Kh7 41. Qxg4 Rd7 42. Qh4 Rc7 43. f5 exf5 44. Nxd5 Qd1+ 45. Kh2 Qxd5 46. Qg3 Rc2+ 47. Kg1 Qd1+ 48. Qe1 Qxe1# 0-1